00526nam a22001337a 4500008004100000040005500041080001500096100001900111245014500130260008600275300000900361650001200370653001000382230515b |||||||| |||| 00| 0 eng d aNational Science LibrarycNational Science Library a551.49bL3 aEagleson, P S  aLinear systems techniques applied to hydrologic data analysis and instrument evaluation: bA case study on data from the alice springs area  aAustralia: bCommonwealth Scientific and Industrial Research Organization, c1973 a60p. aLinear  aData